00975cam a22002531 4500001001300000003000400013005001700017008004100034010001700075035002000092040004400112042001200156050002600168051001700194082001100211100003800222245008100260260004900341300002300390410006800413501017700481650002900658740003400687e 53000048 DLC20260227111235.0960808s1953 dcu 000 0 eng c ae 53000048  a(OCoLC)35212064 aU.S. Office of Education Libr.cWUdDLC apremarc00aL111b.A6 1953, no. 3 aLB2861b.F54 a379.151 aFitzwater, Charles Ocelus,d1906-10aSelected characteristics of reorganized school districtsc/ C. O. Fitzwater. aWashington :bU.S. Govt. Print. Off.,c1953. ax, 49 p. ;c24 cm.10a[United States].bOffice of Education.tBulletin ;v1953, no. 3 aCopies 1 and 2 of L111.A6 with: How children learn to write / Helen K. Mackintosh. Washington : U.S. Govt. Print. Off., 1953. Bound together subsequent to publication.5DLC 0aSchoolsxCentralization.0 aReorganized school districts.